000 00305pab a2200133 454500
008 180718b1989 xxu||||| |||| 00| 0 eng d
245 _aSpecial issue on Punjab - the way out
260 _c1989
300 _a7-36
362 _aDec.
650 _aPunjab - Politics
773 _aParlance
909 _a16977
999 _c16977
_d16977